000
00299nam a22001337a 4500
008
170927b xxu||||| |||| 00| 0 eng d
020
_a
9781559634229
041
_a
eng
080
_a
37
100
_a
46
101
_a
EDU
245
_a
GREENING THE COLLEGE CURRICULUM
_c
COLLETT,J
942
_2
udc
_c
BK
999
_c
30164
_d
30164